Guía turística: París

Uloženo v:
Podrobná bibliografie
Médium: Kniha
Jazyk:španělština
Vydáno: Madrid Neumáticos Michelin 2000
Vydání:2a. ed
Témata:
Tagy: Přidat tag
Žádné tagy, Buďte první, kdo vytvoří štítek k tomuto záznamu!

MARC

LEADER 00000nam a2200000 a 4500
001 UCM9854
003 CL-VaPUC
008 030523e20000000SP |||||||||||||||||spa|d
082 0 4 |a 914.4  |b GUI  |2 21 
245 1 0 |a Guía turística: París 
250 |a 2a. ed 
300 |a 347 p 
942 |c BK 
945 |d 20030523 00:00:00  |a cmena 
260 |a Madrid  |b Neumáticos Michelin  |c 2000 
650 7 |a GUIAS TURISTICAS  |2 CL-VaPUC  |9 346990 
650 0 |a Ciudades  |9 265474 
651 7 |a PARIS  |2 CL-VaPUC  |9 267097 
583 |a last modification  |c 20180403 04:37:26  |k Rodrigo Vera 
999 |c 303937  |d 303935 
952 |0 0  |1 0  |4 0  |6 914_400000000000000_GUI_2000  |7 0  |8 A  |9 365606  |a BIBHIS  |b BIBHIS  |d 2019-11-21  |i 3889998  |l 2  |o 914.4 GUI 2000  |p 3889998  |r 2025-01-20  |s 2023-04-19  |w 2019-11-21  |y BK  |k HIS